[Event "POL-chT 53rd"]
[Site "Krynica"]
[Date "1997.10.02"]
[Round "8"]
[White "Seifert, Henryk"]
[Black "Bukowczyk, Andrzej"]
[Result "1-0"]
[WhiteElo "2315"]
[BlackElo "2265"]
[PlyCount "53"]
[EventDate "1997.09.25"]
[EventType "team-tourn"]
[EventRounds "11"]
[EventCountry "POL"]
[SourceTitle "EXT 2019"]
[Source "ChessBase"]
[SourceDate "2018.10.10"]
[SourceVersion "1"]
[SourceVersionDate "2018.10.10"]
[SourceQuality "1"]
[WhiteTeam "Niedobczyce Rymer"]
[BlackTeam "Legnica Miedz"]
[WhiteTeamCountry "POL"]
[BlackTeamCountry "POL"]

1. e4 c6 2. d4 d5 3. exd5 cxd5 4. Bd3 Nc6 5. c3 Nf6 6. Bf4 Bg4 7. Qb3 Qc8 8. Nd2 e6 9. Ngf3 Bxf3 10. Nxf3 Be7 11. 0-0 0-0 12. Rfe1 a6 13. a4 Na5 14. Qc2 Nc4 15. Ne5 Nd6 16. Re3 Nfe4 17. Rae1 f5 18. Nf3 g5 19. Be5 g4 20. Nd2 Bg5 21. Bxd6 Bxe3 22. Bxe4 Bxd2 23. Qxd2 dxe4 24. Qg5+ Kf7 25. Qe7+ Kg6 26. h4 Rh8 27. h5+ 1-0